Word Ladder: Food Fight Quiz Stats

 Plays Quiz Updated Aug 19, 2017

Challenge
Share
Tweet
Embed
Score 0/34 Timer 04:00
6 Plays Today
Clue 4-Letter Word % Correct
πŸ” Typical birthday dessert πŸ”πŸ”CAKEπŸ”
96.4%
He lost to the tortoiseHARE
95%
Golf course targetHOLE
94.4%
Give assistanceHELP
93.4%
πŸ” Pig's meat πŸ”πŸ”PORKπŸ”
92.9%
Have consideration forCARE
92.7%
πŸ’₯ ___ Tyson πŸ’₯πŸ’₯MIKEπŸ’₯
92.1%
Vessel returning bloodVEIN
92%
πŸ’₯ Dwayne 'The ___' Johnson πŸ’₯πŸ’₯ROCKπŸ’₯
91.9%
Get better, medicallyHEAL
91.7%
Wedding dress extraVEIL
91.5%
πŸ” Calf product πŸ”πŸ”VEALπŸ”
91.2%
'Taste the feeling' drink, for shortCOKE
90.8%
'I slept ___ a baby'LIKE
90.6%
Morse, Da Vinci, 'The Bro', e.g.CODE
90.6%
Stack of trashHEAP
90.1%
Robin Williams TV show '___ & Mindy'MORK
89.7%
Clue 4-Letter Word % Correct
Opening that heat escapes throughVENT
89.2%
Childhood disease markPOCK
89%
Greater in numberMORE
88.8%
Hearty's partnerHALE
88.4%
Long-winded, angry speech RANT
87.9%
Jonathan Larson musicalRENT
87.7%
Vermin on one's headLICE
86.5%
Kind of logic diagramVENN
85.7%
___ and file (common folk)RANK
84.9%
Swampy groundMIRE
84.4%
πŸ” Starch in sushi πŸ”πŸ”RICEπŸ”
84.1%
Hat treeRACK
83.5%
'Take the ___, captain!'HELM
79.9%
Ending musical passageCODA
79.6%
πŸ’₯ Holly ___ πŸ’₯πŸ’₯HOLMπŸ’₯
75.5%
πŸ’₯ Oscar De La ___ πŸ’₯πŸ’₯HOYAπŸ’₯
75.3%
Kathie Lee's co-host, KotbHODA
72%

Today's Daily Dose

You're not logged in!

Compare scores with friends on all Sporcle quizzes.
OR
Log In

You Might Also Like...

Show Comments

Extras

Top Quizzes Today


Score Distribution

Your Account Isn't Verified!

In order to create a playlist on Sporcle, you need to verify the email address you used during registration. Go to your Sporcle Settings to finish the process.

Report this User

Report this user for behavior that violates our Community Guidelines.

Details: